Sports Quiz

Random Sports or Continent Quiz
Score 0/11 Timer 05:00
0 Plays Today
Year Champion % Correct
2008Mao Asada
97.6%
2009Yu-Na Kim
92.7%
2007Kimmie Meissner
61%
2001Fumie Suguri
58.5%
2003Fumie Suguri
58.5%
2005Fumie Suguri
58.5%
2002Jennifer Kirk
36.6%
1999Tatiana Malinina
34.1%
2000Angela Nikodinov
31.7%
2004Yukina Ota
31.7%
2006Katy Taylor
31.7%
Remove Ads.
Support Sporcle.
Get the best of Sporcle when you Go Orange. This ad-free experience offers more features, more stats, and more fun while also helping to support Sporcle. Thank you for becoming a member.

You're not logged in!

Compare scores with friends on all Sporcle quizzes.
OR
Log In

Show Comments

Extras

Top Quizzes Today


Score Distribution

Your Account Isn't Verified!

In order to create a playlist on Sporcle, you need to verify the email address you used during registration. Go to your Sporcle Settings to finish the process.

Report this User

Report this user for behavior that violates our Community Guidelines.

Details: